One More Light Lyrics - Statistics

General Stats
  • This quiz has been taken 6 times
  • The average score is 8 of 12
Answer Stats
Lyrics % Correct
Can I help you not to hurt {anymore}?
100%
We saw {brilliance} when the world was asleep
100%
And you're {angry}, and you should be, it's not fair
67%
If a {moment} is all we are
67%
In the kitchen, one more {chair} than you need
67%
In the sky of a {million} {stars}
67%
Just 'cause you can't see it doesn't mean it {isn}'{t} {there}
67%
Should've stayed, were there signs I {ignored}?
67%
Who cares if {one} {more} {light} goes out?
67%
Who cares when {someone}'{s} {time} runs out?
67%
There are things that {can} {have} but {can}'{t} {keep}
33%
The {reminders} pull the floor from your feet
0%
No matching quizzes found
Score Distribution
Percent of People with Each Score
Percentile by Number Answered
Your Score History
You have not taken this quiz